000 00637nam a2200229 i 4500
001 bg
100 1 _aDZIOPAK, Józef
_d(1947- )
245 1 0 _aLewarowe ujęcia wód podziemnych /
_cJózef Dziopak.
260 _aRzeszów :
_bOficyna Wydawnicza Politechniki Rzeszowskiej,
_c2006.
300 _a264 s. :
_brys., wykr. ;
_c24 cm.
504 _aBibliogr.
650 9 _aStudnie
650 9 _aWody podziemne
655 _aPodręczniki akademickie
020 _a8371994087
040 _cBPK
041 0 _apol
080 _a628.1:556.3](075.8)
920 _a83-7199-408-7
942 _cKS
008 s pl f |000 0 pol
999 _c52565
_d52565
856 _uhttp://koha.tu.koszalin.pl/cgi-bin/koha/opac-detail.pl?biblionumber=52565
_yKatalog online BPK